000 00475nam a2200157Ia 4500
003 GCL
008 140319s9999 xx 000 0 eng d
040 _aGCL /
_cGCL
082 0 4 _a745.44
_bR H
100 1 _aRETTELBUSCH, ERNST
245 1 0 _aHAND BOOK OF HISTORIC ORNAMENT FROM ANCIENT TIMES TO BIEDERMEIER /
_cRETTELBUSCH, ERNST
260 _a[S.N] :
_bOVER PUBLICATIONS, INC ،
_c1996
300 _a254 P
650 0 4 _aDECORATION - ORANMENT - THEMMOTIVE
942 _2ddc
_cBK
999 _c13468
_d13468